000 00625cam a22002053a 4500
001 45689
003 PGUSA
005 20140828084046.0
008 140518s2014||||xxu|||||s|||||000 | eng d
040 _aPGUSA
_beng
042 _adc
100 1 _aBarbour, Ralph Henry,
_d1870-1944
245 1 4 _aThe Arrival of Jimpson :
_bAnd other stories for Boys about Boys
_h[electronic resource] /
_cRalph Henry Barbour
260 _bProject Gutenberg,
_c2014
506 _aPublic domain in the USA.
516 _aElectronic text
830 0 _aProject Gutenberg
_v45689
856 4 0 _uhttp://www.gutenberg.org/ebooks/45689
942 _cEB
999 _c274939
_d274939